000 00452nam a2200169 i 4500
001 bg
100 1 _aHAHN, Wiktor.
245 0 _aBibliografia Bibliografii Polskich do 1950 roku /
_cWiktor Hahn.
250 _aWyd.3.
260 _aWrocław :
_bZakład Narodowy im. Ossolińskich,
_c1966.
300 _a586, [2] s. ;
_c25 cm.
040 _cBPK
041 _apol
080 _a016:01(438)
942 _cKS
008 s pl f |000 0 pol
999 _c23621
_d23621
856 _uhttp://koha.tu.koszalin.pl/cgi-bin/koha/opac-detail.pl?biblionumber=23621
_yKatalog online BPK